| 000 | 00890nac a22002537a 4500 | ||
|---|---|---|---|
| 001 | BR9904904 | ||
| 003 | BR-BrBNA | ||
| 005 | 20240105122324.0 | ||
| 008 | 230509b bl.|||m| |||| 00| 0 por d | ||
| 040 |
_aBR-BrBNA _bpor _cBiblioteca Nacional de Agricultura |
||
| 072 | _aE50 | ||
| 090 | _aE50 BR9904904 | ||
| 100 | 1 | _aTedesco, J.C. | |
| 110 | 1 |
_aUniversidade de Passo Fundo, RS (Brasil). Faculdade de Economia e Administracao _910505 |
|
| 245 | 1 | _aPluriatividade: estrategias, alternativas ou fim da agricultura familiar | |
| 260 | 3 |
_aPasso Fundo, RS (Brasil): _c1998. |
|
| 300 | _a16 p. | ||
| 490 |
_aTexto para Discussao - Universidade de Passo Fundo. Faculdade de Economia e Administracao (Brazil) _vno. 7 _x |
||
| 500 | _a34 ref. | ||
| 650 | _aAgricultura Familiar | ||
| 650 | _aSociologia Rural | ||
| 909 |
_a202312 _bLúcia Elande _c55 _dLúcia Elande |
||
| 942 |
_2AGRIS _n0 _cMS |
||
| 999 |
_c290406 _d290406 |
||